عرض عادي عرض مارك
  • Computer graphics

مدخل مصطلح موضوعي

عدد التسجيلات المستخدمة في: 3

001 - رقم الضبط

  • حقل الضبط: 18878

003 - معرف رقم الضبط

  • حقل الضبط: OSt

005 - تاريخ ووقت أخر عملية

  • حقل الضبط: 20121227183829.0

008 - عناصر بيانات ثابتة الطول

  • حقل تحكم ثابت الطول: 121227|||a|||||| | ||| d

040 ## - مصدر الفهرسة

  • هيئة الفهرسة الأصلية: OSt
  • وكالة الكتابة: OSt

150 ## - مدخل-- مصطلح تاريخي

  • عنصر مدخل المصطلح الموضوعي او الاسم الجغرافي: Computer graphics
  • تفريع شكلي: Congresses.

670 ## - بيانات المصدر موجوده

  • الاستشهاد بالمصدر: Work cat.: (OSt)0: Symposium on Graph Drawing (17th : 2009 : Chicago, Ill.) 18877, Graph drawing, c2010.